Диффузные алгоритмы оценки параметров и состояния динамических объектов монография
Рассматриваются задачи оценки параметров и состояния математических моделей динамических объектов априорная информация о которых в момент начала наблюдения является неполной или вообще отсутствует. Типичными примерами являются задачи обучения различных нейронных и нейрофаззи сетей, оценки состояния...
Сохранить в:
| Hovedforfatter: | |
|---|---|
| Format: | Книга |
| Sprog: | Russian |
| Udgivet: |
Севастополь
СевГУ
2023
|
| Online adgang: | https://e.lanbook.com/book/369242 https://e.lanbook.com/img/cover/book/369242.jpg |
| Tags: |
Tilføj Tag
Ingen Tags, Vær først til at tagge denne postø!
|
| LEADER | 01719nam0a2200265 i 4500 | ||
|---|---|---|---|
| 001 | 369242 | ||
| 003 | RuSpLAN | ||
| 005 | 20240216150950.0 | ||
| 008 | 240216s2023 ru gs 000 0 rus | ||
| 040 | |a RuSpLAN | ||
| 041 | 0 | |a rus | |
| 044 | |a ru | ||
| 080 | |a 519.712.3:004.032.26 | ||
| 084 | |a 22.12: 32.813 |2 rubbk | ||
| 245 | 0 | 0 | |a Диффузные алгоритмы оценки параметров и состояния динамических объектов |b монография |c Скороход Б. А. |
| 260 | |a Севастополь |b СевГУ |c 2023 | ||
| 300 | |a 227 с. | ||
| 504 | |a Библиогр.: доступна в карточке книги, на сайте ЭБС Лань | ||
| 520 | 8 | |a Рассматриваются задачи оценки параметров и состояния математических моделей динамических объектов априорная информация о которых в момент начала наблюдения является неполной или вообще отсутствует. Типичными примерами являются задачи обучения различных нейронных и нейрофаззи сетей, оценки состояния динамических систем, параметров регрессионных моделей. | |
| 521 | 8 | |a Книга из коллекции СевГУ - Инженерно-технические науки | |
| 521 | 8 | |a СЭБ | |
| 100 | 1 | |a Скороход Б. А. | |
| 856 | 4 | |u https://e.lanbook.com/book/369242 | |
| 856 | 4 | 8 | |u https://e.lanbook.com/img/cover/book/369242.jpg |
| 953 | |a https://e.lanbook.com/img/cover/book/369242.jpg | ||